[Event "European Youth Chess Championship G14"]
[Site "Prague, Top Hotel Prague"]
[Date "2012.08.22"]
[Round "6.1"]
[White "Beinenson, Katsiaryna"]
[Black "Kisteneva, Liza"]
[Result "1/2-1/2"]
[WhiteElo "1946"]
[BlackElo "2040"]
[PlyCount "0"]
[EventDate "2012.08.17"]

1. d4 {[%clk 1:30:57]} d5 {[%clk 1:30:54]} 2. Nf3 {[%clk 1:31:24]} Nf6
{[%clk 1:31:15]} 3. Bf4 {[%clk 1:31:49]} c5 {[%clk 1:31:35]} 4. e3
{[%clk 1:32:15]} Nc6 {[%clk 1:31:50]} 5. c3 {[%clk 1:32:41]} Qb6 {[%clk 1:32:11]}
6. Qc2 {[%clk 1:33:06]} e6 {[%clk 1:30:03]} 7. Nbd2 {[%clk 1:30:13]} Be7
{[%clk 1:30:00]} 8. h3 {[%clk 1:29:25]} Bd7 {[%clk 1:29:09]} 9. Ne5
{[%clk 1:20:45]} Rc8 {[%clk 1:28:35]} 10. Qb1 {[%clk 1:16:43]} Nxe5
{[%clk 1:16:18]} 11. Bxe5 {[%clk 1:08:57]} Bb5 {[%clk 1:13:57]} 12. a4
{[%clk 1:06:10]} Bxf1 {[%clk 1:13:25]} 13. Nxf1 {[%clk 1:06:31]} c4
{[%clk 1:11:46]} 14. Nd2 {[%clk 1:02:59]} O-O {[%clk 1:09:34]} 15. O-O
{[%clk 1:01:53]} Nd7 {[%clk 1:08:17]} 16. Bf4 {[%clk 1:00:57]} f5
{[%clk 1:07:11]} 17. Qc2 {[%clk 0:57:39]} Bd6 {[%clk 0:54:27]} 18. Rfb1
{[%clk 0:47:57]} Bxf4 {[%clk 0:50:44]} 19. exf4 {[%clk 0:48:21]} Qd8
{[%clk 0:46:16]} 20. b3 {[%clk 0:44:11]} cxb3 {[%clk 0:45:22]} 21. Qxb3
{[%clk 0:42:44]} b6 {[%clk 0:43:52]} 22. Re1 {[%clk 0:39:41]} Rf6
{[%clk 0:41:35]} 23. Re3 {[%clk 0:29:56]} Qc7 {[%clk 0:35:28]} 24. g3
{[%clk 0:25:47]} h6 {[%clk 0:33:55]} 25. h4 {[%clk 0:22:19]} Nf8 {[%clk 0:29:04]}
26. Rc1 {[%clk 0:20:07]} Qd6 {[%clk 0:21:07]} 27. Rce1 {[%clk 0:13:20]} g6
{[%clk 0:16:27]} 28. Qb5 {[%clk 0:10:26]} Rf7 {[%clk 0:14:51]} 29. Nf3
{[%clk 0:08:29]} Rfc7 {[%clk 0:12:45]} 30. Qb3 {[%clk 0:08:42]} Qd8
{[%clk 0:11:29]} 31. Ne5 {[%clk 0:07:48]} Qf6 {[%clk 0:09:09]} 32. Kg2
{[%clk 0:07:02]} Rh7 {[%clk 0:08:20]} 33. Nf3 {[%clk 0:07:12]} Rcc7
{[%clk 0:07:10]} 34. Qb5 {[%clk 0:06:41]} Qd8 {[%clk 0:05:59]} 35. R1e2
{[%clk 0:03:49]} Qc8 {[%clk 0:06:14]} 36. Qb3 {[%clk 0:03:57]} Qa6
{[%clk 0:05:37]} 37. Ne5 {[%clk 0:04:18]} Rhg7 {[%clk 0:05:16]} 38. Nf3
{[%clk 0:03:50]} Rc8 {[%clk 0:04:19]} 39. Ne5 {[%clk 0:03:38]} g5
{[%clk 0:03:54]} 40. hxg5 {[%clk 0:33:47]} hxg5 {[%clk 0:34:18]} 41. fxg5
{[%clk 0:33:55]} Rxg5 {[%clk 0:34:37]} 42. f4 {[%clk 0:33:40]} Rg7
{[%clk 0:31:29]} 43. Nf3 {[%clk 0:31:03]} Rgc7 {[%clk 0:29:12]} 44. Re1
{[%clk 0:28:26]} Qa5 {[%clk 0:22:21]} 45. Ng5 {[%clk 0:21:13]} Rxc3
{[%clk 0:21:31]} 46. Qd1 {[%clk 0:21:14]} Rxe3 {[%clk 0:14:57]} 47. Rxe3
{[%clk 0:21:37]} Re8 {[%clk 0:14:17]} 48. Qh5 {[%clk 0:19:18]} Re7
{[%clk 0:14:27]} 49. Nxe6 {[%clk 0:15:30]} Rxe6 {[%clk 0:14:13]} 50. Rxe6
{[%clk 0:15:48]} Nxe6 {[%clk 0:14:34]} 51. Qxf5 {[%clk 0:15:35]} Nf8
{[%clk 0:11:11]} 52. Qg5+ {[%clk 0:13:49]} Kf7 {[%clk 0:10:59]} 53. Qf5+
{[%clk 0:13:57]} Ke7 {[%clk 0:10:31]} 54. Qg5+ {[%clk 0:14:00]} Kd6
{[%clk 0:08:43]} 55. Qe5+ {[%clk 0:13:54]} Kd7 {[%clk 0:08:10]} 56. Qg7+
{[%clk 0:14:14]} Ke8 {[%clk 0:08:30]} 1/2-1/2

[Event "European Youth Chess Championship G14"]
[Site "Prague, Top Hotel Prague"]
[Date "2012.08.22"]
[Round "6.2"]
[White "Paramzina, Anastasya"]
[Black "Dordzhieva, Dinara"]
[Result "1-0"]
[WhiteElo "2021"]
[BlackElo "2055"]
[PlyCount "0"]
[EventDate "2012.08.17"]

1. e4 {[%clk 1:30:59]} c5 {[%clk 1:30:57]} 2. Nf3 {[%clk 1:31:20]} d6
{[%clk 1:31:13]} 3. d4 {[%clk 1:31:45]} Nf6 {[%clk 1:30:21]} 4. Nc3
{[%clk 1:32:08]} cxd4 {[%clk 1:30:44]} 5. Nxd4 {[%clk 1:32:33]} a6
{[%clk 1:31:06]} 6. Be3 {[%clk 1:32:55]} e6 {[%clk 1:31:26]} 7. g4
{[%clk 1:32:51]} h6 {[%clk 1:31:40]} 8. h3 {[%clk 1:33:02]} Nc6 {[%clk 1:31:24]}
9. Bg2 {[%clk 1:33:21]} g5 {[%clk 1:31:29]} 10. Qe2 {[%clk 1:29:50]} Ne5
{[%clk 1:29:59]} 11. O-O-O {[%clk 1:26:00]} b5 {[%clk 1:25:54]} 12. f4
{[%clk 1:19:32]} gxf4 {[%clk 1:24:00]} 13. Bxf4 {[%clk 1:19:52]} Nfd7
{[%clk 1:21:59]} 14. h4 {[%clk 1:09:14]} Bb7 {[%clk 1:19:51]} 15. g5
{[%clk 1:04:28]} Rc8 {[%clk 0:58:59]} 16. Nb1 {[%clk 1:01:01]} Qa5
{[%clk 0:50:38]} 17. a3 {[%clk 0:58:35]} Nc4 {[%clk 0:38:30]} 18. g6
{[%clk 0:51:56]} Bg7 {[%clk 0:28:37]} 19. gxf7+ {[%clk 0:50:15]} Ke7
{[%clk 0:24:59]} 20. e5 {[%clk 0:34:33]} dxe5 {[%clk 0:17:33]} 21. Nxe6
{[%clk 0:16:04]} Bxg2 {[%clk 0:17:49]} 22. Qxg2 {[%clk 0:15:10]} Bf6
{[%clk 0:12:47]} 23. Qb7 {[%clk 0:15:19]} Ncb6 {[%clk 0:04:15]} 24. f8=Q+
{[%clk 0:15:23]} Rhxf8 {[%clk 0:04:02]} 25. Nxf8 {[%clk 0:15:43]} Qa4
{[%clk 0:01:07]} 26. Rxd7+ {[%clk 0:14:41]} Kxf8 {[%clk 0:01:34]} 27. Bxh6+
{[%clk 0:14:32]} Ke8 {[%clk 0:01:43]} 28. Rc7 {[%clk 0:14:34]} Rxc7
{[%clk 0:00:41]} 29. Qxc7 {[%clk 0:14:59]} Qe4 {[%clk 0:00:45]} 30. Rd1
{[%clk 0:14:22]} Qxh4 {[%clk 0:00:44]} 31. Qc6+ {[%clk 0:11:05]} Kf7
{[%clk 0:01:03]} 32. Rh1 {[%clk 0:11:03]} Qd4 {[%clk 0:00:49]} 33. Rf1
{[%clk 0:10:39]} Nd5 {[%clk 0:00:37]} 34. Rd1 {[%clk 0:10:32]} 1-0

[Event "European Youth Chess Championship G14"]
[Site "Prague, Top Hotel Prague"]
[Date "2012.08.22"]
[Round "6.3"]
[White "Rodionova, Daria"]
[Black "Malatsilava, Volha"]
[Result "1-0"]
[WhiteElo "2074"]
[BlackElo "1926"]
[PlyCount "0"]
[EventDate "2012.08.17"]

1. e4 {[%clk 1:30:58]} e5 {[%clk 1:30:37]} 2. Nf3 {[%clk 1:31:22]} Nc6
{[%clk 1:31:02]} 3. Bb5 {[%clk 1:31:50]} f5 {[%clk 1:31:26]} 4. d4
{[%clk 1:24:43]} fxe4 {[%clk 1:31:38]} 5. Nxe5 {[%clk 1:24:39]} Nxe5
{[%clk 1:32:00]} 6. dxe5 {[%clk 1:24:58]} c6 {[%clk 1:32:22]} 7. Bc4
{[%clk 1:15:18]} Qa5+ {[%clk 1:32:13]} 8. Bd2 {[%clk 1:00:42]} Qxe5
{[%clk 1:32:01]} 9. Bc3 {[%clk 0:59:38]} Qg5 {[%clk 1:29:53]} 10. h4
{[%clk 0:39:49]} Qg6 {[%clk 1:16:14]} 11. Qd4 {[%clk 0:31:44]} d5
{[%clk 1:13:53]} 12. Be2 {[%clk 0:30:55]} Be6 {[%clk 1:07:43]} 13. Nd2
{[%clk 0:25:52]} Nf6 {[%clk 1:00:01]} 14. h5 {[%clk 0:23:58]} Qf7
{[%clk 0:56:45]} 15. h6 {[%clk 0:22:38]} Rg8 {[%clk 0:56:56]} 16. O-O-O
{[%clk 0:19:26]} c5 {[%clk 0:54:02]} 17. Bb5+ {[%clk 0:15:31]} Nd7
{[%clk 0:53:34]} 18. Qa4 {[%clk 0:14:39]} gxh6 {[%clk 0:49:53]} 19. Rhe1
{[%clk 0:14:12]} Rg6 {[%clk 0:35:27]} 20. f3 {[%clk 0:05:55]} a6 {[%clk 0:34:19]}
21. Be5 {[%clk 0:03:15]} Rc8 {[%clk 0:31:58]} 22. Bxd7+ {[%clk 0:03:02]} Bxd7
{[%clk 0:31:48]} 23. Qb3 {[%clk 0:02:55]} Re6 {[%clk 0:24:16]} 24. Bg3
{[%clk 0:02:23]} c4 {[%clk 0:21:38]} 25. Qxb7 {[%clk 0:01:55]} Rg6
{[%clk 0:13:54]} 26. Nxe4 {[%clk 0:01:36]} dxe4 {[%clk 0:13:43]} 27. Rxe4+
{[%clk 0:02:04]} Re6 {[%clk 0:12:46]} 28. Bh4 {[%clk 0:02:21]} Qg7
{[%clk 0:05:26]} 29. Bf6 {[%clk 0:02:34]} Rxe4 {[%clk 0:02:01]} 30. Bxg7
{[%clk 0:02:57]} Re7 {[%clk 0:02:08]} 31. Bf6 {[%clk 0:03:08]} Rd8
{[%clk 0:02:17]} 32. Bxe7 {[%clk 0:03:25]} Bxe7 {[%clk 0:02:41]} 33. f4
{[%clk 0:03:03]} c3 {[%clk 0:03:03]} 34. Qe4 {[%clk 0:03:11]} Kf8
{[%clk 0:02:45]} 35. Qxh7 {[%clk 0:03:26]} h5 {[%clk 0:02:35]} 36. Qh8+
{[%clk 0:03:35]} Kf7 {[%clk 0:02:58]} 37. Qxh5+ {[%clk 0:04:01]} Kf8
{[%clk 0:03:22]} 38. f5 {[%clk 0:03:52]} Bf6 {[%clk 0:03:44]} 39. Qh6+
{[%clk 0:04:04]} Bg7 {[%clk 0:04:10]} 40. Qb6 {[%clk 0:34:05]} cxb2+
{[%clk 0:34:32]} 41. Kb1 {[%clk 0:34:31]} Re8 {[%clk 0:34:07]} 42. Qd6+
{[%clk 0:34:56]} 1-0

[Event "European Youth Chess Championship G14"]
[Site "Prague, Top Hotel Prague"]
[Date "2012.08.22"]
[Round "6.4"]
[White "Harazinska, Ewa"]
[Black "Khomeriki, Nino"]
[Result "0-1"]
[WhiteElo "1975"]
[BlackElo "2030"]
[PlyCount "0"]
[EventDate "2012.08.17"]

1. Nf3 {[%clk 1:30:57]} d5 {[%clk 1:30:35]} 2. c4 {[%clk 1:31:20]} e6
{[%clk 1:30:35]} 3. d4 {[%clk 1:31:25]} Nf6 {[%clk 1:30:22]} 4. Nc3
{[%clk 1:31:39]} Be7 {[%clk 1:29:40]} 5. Bg5 {[%clk 1:32:01]} O-O
{[%clk 1:26:56]} 6. e3 {[%clk 1:32:26]} Nbd7 {[%clk 1:26:29]} 7. cxd5
{[%clk 1:31:14]} exd5 {[%clk 1:26:48]} 8. Bd3 {[%clk 1:31:39]} Re8
{[%clk 1:26:24]} 9. Qc2 {[%clk 1:29:17]} c6 {[%clk 1:26:17]} 10. h4
{[%clk 1:21:14]} Nf8 {[%clk 1:06:32]} 11. O-O-O {[%clk 1:20:34]} Qa5
{[%clk 0:57:13]} 12. Ne5 {[%clk 1:13:15]} Ng4 {[%clk 0:41:16]} 13. Bf4
{[%clk 0:57:21]} Nxe5 {[%clk 0:38:13]} 14. Bxe5 {[%clk 0:57:22]} b5
{[%clk 0:37:01]} 15. g4 {[%clk 0:56:28]} b4 {[%clk 0:35:13]} 16. Na4 c5
{[%clk 0:32:56]} 17. Bf5 {[%clk 0:39:44]} Bb7 {[%clk 0:18:34]} 18. g5
{[%clk 0:35:17]} Rac8 {[%clk 0:14:15]} 19. Bxc8 {[%clk 0:29:43]} Rxc8
{[%clk 0:14:40]} 20. dxc5 {[%clk 0:16:47]} Bc6 {[%clk 0:12:26]} 21. Kb1
{[%clk 0:16:24]} Bxa4 {[%clk 0:12:23]} 22. b3 {[%clk 0:16:48]} Rxc5
{[%clk 0:10:54]} 23. Qd2 {[%clk 0:16:48]} Bd7 {[%clk 0:10:37]} 24. Rc1
{[%clk 0:16:52]} Bf5+ {[%clk 0:09:15]} 25. Ka1 {[%clk 0:17:13]} Ne6
{[%clk 0:06:36]} 26. Bd4 {[%clk 0:15:13]} Nxd4 {[%clk 0:06:06]} 27. exd4
{[%clk 0:15:25]} Rxc1+ {[%clk 0:05:39]} 28. Rxc1 {[%clk 0:15:53]} Qb6
{[%clk 0:03:45]} 29. Qf4 {[%clk 0:15:23]} g6 {[%clk 0:03:15]} 30. Qe5
{[%clk 0:13:52]} Qd6 {[%clk 0:03:00]} 31. Qxd6 {[%clk 0:13:49]} Bxd6
{[%clk 0:03:29]} 32. Rc6 {[%clk 0:14:18]} Bf4 {[%clk 0:03:04]} 33. a4
{[%clk 0:12:59]} Bd2 {[%clk 0:02:43]} 34. Rc5 {[%clk 0:12:33]} Be4
{[%clk 0:02:42]} 35. Rb5 {[%clk 0:12:39]} Bc3+ {[%clk 0:02:19]} 36. Ka2
{[%clk 0:13:05]} Bxd4 {[%clk 0:02:27]} 37. Rxb4 {[%clk 0:13:32]} Bxf2
{[%clk 0:02:42]} 38. Rb8+ {[%clk 0:13:56]} Kg7 {[%clk 0:03:09]} 39. b4
{[%clk 0:14:06]} Bxh4 {[%clk 0:03:04]} 40. b5 {[%clk 0:44:25]} Bxg5
{[%clk 0:33:16]} 41. a5 {[%clk 0:44:38]} Be3 {[%clk 0:33:28]} 42. b6
{[%clk 0:43:55]} axb6 {[%clk 0:33:45]} 43. a6 {[%clk 0:44:20]} b5
{[%clk 0:33:31]} 0-1

[Event "European Youth Chess Championship G14"]
[Site "Prague, Top Hotel Prague"]
[Date "2012.08.22"]
[Round "6.5"]
[White "Egyed, Viktoria"]
[Black "Mammadova, Narmin"]
[Result "0-1"]
[WhiteElo "1748"]
[BlackElo "1980"]
[PlyCount "0"]
[EventDate "2012.08.17"]

1. e4 {[%clk 1:30:57]} c6 {[%clk 1:30:50]} 2. d4 {[%clk 1:30:59]} d5
{[%clk 1:31:16]} 3. Nc3 {[%clk 1:31:11]} dxe4 {[%clk 1:31:39]} 4. Nxe4
{[%clk 1:31:35]} Nf6 {[%clk 1:31:57]} 5. Nxf6+ {[%clk 1:30:40]} exf6
{[%clk 1:32:17]} 6. Nf3 {[%clk 1:30:39]} Bd6 {[%clk 1:32:37]} 7. Be3
{[%clk 1:29:45]} Qc7 {[%clk 1:29:30]} 8. Bd3 {[%clk 1:27:21]} Be6
{[%clk 1:24:44]} 9. Qe2 {[%clk 1:24:42]} Nd7 {[%clk 1:23:45]} 10. O-O
{[%clk 1:14:26]} O-O {[%clk 1:23:40]} 11. c4 {[%clk 1:12:43]} c5 {[%clk 1:16:28]}
12. d5 {[%clk 1:09:45]} Bg4 {[%clk 1:15:41]} 13. h3 {[%clk 1:07:59]} Bh5
{[%clk 1:15:09]} 14. b3 {[%clk 1:03:00]} Ne5 {[%clk 1:10:15]} 15. Be4
{[%clk 1:02:24]} Qc8 {[%clk 1:06:50]} 16. g4 {[%clk 0:35:57]} Bxg4
{[%clk 1:04:43]} 17. Rfc1 {[%clk 0:32:55]} Bh5 {[%clk 0:58:46]} 18. Kg2
{[%clk 0:25:38]} f5 {[%clk 0:58:36]} 19. Bxf5 {[%clk 0:25:33]} Qxf5
{[%clk 0:57:51]} 20. Nh4 {[%clk 0:25:21]} Qe4+ {[%clk 0:58:07]} 21. f3
{[%clk 0:24:42]} Qxh4 {[%clk 0:58:20]} 0-1

[Event "European Youth Chess Championship G14"]
[Site "Prague, Top Hotel Prague"]
[Date "2012.08.22"]
[Round "6.6"]
[White "Egorova, Ayyyna"]
[Black "Wozniak, Mariola"]
[Result "0-1"]
[WhiteElo "1833"]
[BlackElo "1966"]
[PlyCount "0"]
[EventDate "2012.08.17"]

1. e4 {[%clk 1:30:54]} e5 {[%clk 1:30:55]} 2. Nf3 {[%clk 1:31:16]} Nc6
{[%clk 1:31:20]} 3. d4 {[%clk 1:31:41]} exd4 {[%clk 1:31:44]} 4. Nxd4
{[%clk 1:32:05]} Nf6 {[%clk 1:31:47]} 5. Nxc6 {[%clk 1:32:19]} bxc6
{[%clk 1:32:12]} 6. Bd3 {[%clk 1:31:37]} d5 {[%clk 1:19:17]} 7. exd5
{[%clk 1:32:00]} cxd5 {[%clk 1:19:36]} 8. O-O {[%clk 1:30:35]} Be7
{[%clk 1:12:04]} 9. c4 {[%clk 1:25:15]} O-O {[%clk 1:06:18]} 10. cxd5
{[%clk 1:24:57]} Bb7 {[%clk 1:04:19]} 11. Nc3 {[%clk 1:19:33]} Nxd5
{[%clk 1:02:10]} 12. Qc2 {[%clk 1:07:42]} Nxc3 {[%clk 0:51:17]} 13. Qxc3
{[%clk 1:00:38]} Qd5 {[%clk 0:43:13]} 14. f3 {[%clk 1:00:57]} Bc5+
{[%clk 0:41:30]} 15. Kh1 {[%clk 1:01:19]} Bd6 {[%clk 0:35:04]} 16. Be3
{[%clk 0:52:52]} Rfe8 {[%clk 0:34:04]} 17. Bg1 {[%clk 0:52:38]} Qh5
{[%clk 0:22:54]} 18. Bc4 {[%clk 0:45:19]} Rad8 {[%clk 0:20:39]} 19. Rae1
{[%clk 0:37:02]} a5 {[%clk 0:11:50]} 20. a3 {[%clk 0:34:01]} Ba8 {[%clk 0:10:36]}
21. Qb3 {[%clk 0:33:10]} Be5 {[%clk 0:09:19]} 22. Qb5 {[%clk 0:31:45]} Rb8
{[%clk 0:08:03]} 23. Qd7 {[%clk 0:30:08]} Rbd8 {[%clk 0:04:38]} 24. Qb5
{[%clk 0:29:44]} Rb8 {[%clk 0:03:42]} 25. Qd7 {[%clk 0:25:08]} Rf8
{[%clk 0:03:56]} 26. b3 {[%clk 0:21:08]} Bd6 {[%clk 0:03:08]} 27. a4
{[%clk 0:16:43]} Bd5 {[%clk 0:02:38]} 28. Rc1 {[%clk 0:07:44]} Rfd8
{[%clk 0:01:43]} 29. Qg4 {[%clk 0:07:37]} Qxg4 {[%clk 0:02:12]} 30. fxg4
{[%clk 0:08:03]} Bxc4 {[%clk 0:02:38]} 31. Rxc4 {[%clk 0:06:52]} Rxb3
{[%clk 0:02:58]} 32. Bc5 {[%clk 0:06:58]} Be5 {[%clk 0:02:51]} 33. Bg1
{[%clk 0:05:43]} Rd5 {[%clk 0:02:46]} 34. Re1 {[%clk 0:05:42]} f6
{[%clk 0:03:10]} 35. Bf2 {[%clk 0:05:29]} Rb4 {[%clk 0:03:20]} 36. Rce4
{[%clk 0:05:01]} Rd2 {[%clk 0:03:08]} 37. Bg3 {[%clk 0:04:49]} Rxe4
{[%clk 0:02:52]} 38. Rxe4 {[%clk 0:05:17]} Rd1+ {[%clk 0:03:15]} 39. Re1
{[%clk 0:05:40]} Rd4 {[%clk 0:03:29]} 40. Bxe5 {[%clk 0:34:22]} fxe5
{[%clk 0:33:55]} 41. h3 {[%clk 0:34:13]} e4 {[%clk 0:33:40]} 42. Rc1
{[%clk 0:30:17]} e3 {[%clk 0:33:02]} 43. Kh2 {[%clk 0:30:44]} e2 {[%clk 0:32:18]}
44. Re1 {[%clk 0:30:54]} Re4 {[%clk 0:32:39]} 45. Kg3 {[%clk 0:31:04]} Kf7
{[%clk 0:32:33]} 46. Kf3 {[%clk 0:30:55]} Re5 {[%clk 0:31:08]} 47. Rxe2
{[%clk 0:30:57]} Rxe2 {[%clk 0:31:33]} 48. Kxe2 {[%clk 0:31:25]} Ke6
{[%clk 0:31:56]} 49. Kd3 {[%clk 0:31:24]} Kd5 {[%clk 0:32:14]} 50. g5
{[%clk 0:30:42]} c5 {[%clk 0:32:20]} 51. g4 {[%clk 0:30:10]} c4+ {[%clk 0:32:27]}
52. Kc3 {[%clk 0:30:08]} Kc5 {[%clk 0:32:51]} 53. h4 {[%clk 0:30:24]} Kd5
{[%clk 0:32:59]} 54. Kc2 {[%clk 0:26:45]} Kd4 {[%clk 0:33:05]} 55. Kd2
{[%clk 0:27:01]} c3+ {[%clk 0:32:59]} 56. Kc2 {[%clk 0:26:50]} Kc4
{[%clk 0:33:25]} 57. Kc1 {[%clk 0:25:42]} Kb3 {[%clk 0:33:50]} 58. Kb1
{[%clk 0:25:36]} Kxa4 {[%clk 0:34:10]} 0-1

[Event "European Youth Chess Championship G14"]
[Site "Prague, Top Hotel Prague"]
[Date "2012.08.22"]
[Round "6.7"]
[White "Haussernot, Cecile"]
[Black "Imanly, Magrura"]
[Result "1-0"]
[WhiteElo "2074"]
[BlackElo "1670"]
[PlyCount "0"]
[EventDate "2012.08.17"]

1. e4 {[%clk 1:30:58]} e6 {[%clk 1:30:51]} 2. d4 {[%clk 1:31:24]} d5
{[%clk 1:31:16]} 3. Nc3 {[%clk 1:31:50]} Bb4 {[%clk 1:31:32]} 4. Nge2
{[%clk 1:31:27]} dxe4 {[%clk 1:24:40]} 5. a3 {[%clk 1:30:56]} Bxc3+
{[%clk 1:19:00]} 6. Nxc3 {[%clk 1:31:04]} f5 {[%clk 1:07:47]} 7. Bf4
{[%clk 1:29:56]} c6 {[%clk 0:47:43]} 8. Qh5+ {[%clk 1:27:00]} g6 {[%clk 0:46:34]}
9. Qd1 {[%clk 1:27:04]} Nf6 {[%clk 0:40:22]} 10. Qd2 {[%clk 1:26:13]} O-O
{[%clk 0:25:14]} 11. Bc4 {[%clk 1:25:14]} Nd5 {[%clk 0:24:13]} 12. Bg5
{[%clk 1:22:57]} Qe8 {[%clk 0:19:01]} 13. h4 {[%clk 1:21:24]} Nd7
{[%clk 0:13:51]} 14. Bxd5 {[%clk 1:18:35]} exd5 {[%clk 0:13:48]} 15. Ne2
{[%clk 1:17:00]} Nf6 {[%clk 0:11:57]} 16. Ng3 {[%clk 1:15:48]} Ng4
{[%clk 0:09:24]} 17. Qf4 {[%clk 1:14:43]} h5 {[%clk 0:06:20]} 18. O-O
{[%clk 1:14:19]} b6 {[%clk 0:05:02]} 19. f3 {[%clk 1:13:29]} Nf6 {[%clk 0:04:18]}
20. Bxf6 {[%clk 1:11:45]} Rxf6 {[%clk 0:04:39]} 21. fxe4 {[%clk 1:12:02]} dxe4
{[%clk 0:04:04]} 22. Nxe4 {[%clk 1:10:10]} Re6 {[%clk 0:04:24]} 23. Ng5
{[%clk 1:09:39]} Re2 {[%clk 0:04:38]} 24. Kh1 {[%clk 1:08:47]} Bb7
{[%clk 0:03:03]} 25. c4 {[%clk 1:07:47]} Rd8 {[%clk 0:02:59]} 26. b3
{[%clk 1:06:39]} b5 {[%clk 0:01:28]} 27. Rad1 {[%clk 1:06:37]} bxc4
{[%clk 0:01:34]} 28. bxc4 {[%clk 1:07:06]} Ba6 {[%clk 0:01:53]} 29. d5
{[%clk 1:06:14]} cxd5 {[%clk 0:02:22]} 30. cxd5 {[%clk 1:06:21]} Re5
{[%clk 0:01:58]} 31. Rg1 {[%clk 1:03:31]} Rdxd5 {[%clk 0:01:54]} 32. Rxd5
{[%clk 1:03:29]} Rxd5 {[%clk 0:02:19]} 33. Rb1 {[%clk 1:03:21]} Qe5
{[%clk 0:01:58]} 34. Qa4 {[%clk 1:02:58]} Bd3 {[%clk 0:01:32]} 35. Qxa7
{[%clk 1:03:04]} Bxb1 {[%clk 0:00:47]} 36. Qf7+ {[%clk 1:01:04]} Kh8
{[%clk 0:01:16]} 37. Qh7# {[%clk 1:00:58]} 1-0

[Event "European Youth Chess Championship G14"]
[Site "Prague, Top Hotel Prague"]
[Date "2012.08.22"]
[Round "6.8"]
[White "Vasenina, Anna"]
[Black "Shapar, Tatiana"]
[Result "1-0"]
[WhiteElo "1978"]
[BlackElo "1845"]
[PlyCount "0"]
[EventDate "2012.08.17"]

1. d4 {[%clk 1:30:57]} d5 {[%clk 1:30:54]} 2. Nf3 {[%clk 1:31:21]} Nf6
{[%clk 1:31:14]} 3. e3 {[%clk 1:31:46]} Bf5 {[%clk 1:30:21]} 4. c4
{[%clk 1:31:30]} e6 {[%clk 1:27:50]} 5. Qb3 {[%clk 1:31:11]} b6 {[%clk 1:23:16]}
6. Nc3 {[%clk 1:29:28]} a5 {[%clk 1:15:26]} 7. cxd5 {[%clk 1:19:34]} exd5
{[%clk 1:09:09]} 8. Ne5 {[%clk 1:17:05]} c6 {[%clk 1:05:29]} 9. Be2
{[%clk 1:13:35]} Bd6 {[%clk 1:00:18]} 10. f4 {[%clk 1:10:50]} Nfd7
{[%clk 0:52:43]} 11. Nxc6 {[%clk 0:58:41]} Nxc6 {[%clk 0:37:32]} 12. Qxd5
{[%clk 0:59:01]} O-O {[%clk 0:32:18]} 13. Qxf5 {[%clk 0:55:18]} Nb4
{[%clk 0:29:12]} 14. O-O {[%clk 0:54:35]} g6 {[%clk 0:28:13]} 15. Qh3
{[%clk 0:54:56]} Nf6 {[%clk 0:24:50]} 16. Bd2 {[%clk 0:51:54]} Re8
{[%clk 0:23:55]} 17. a3 {[%clk 0:49:10]} Nbd5 {[%clk 0:23:52]} 18. Nxd5
{[%clk 0:48:54]} Nxd5 {[%clk 0:24:02]} 19. Bb5 {[%clk 0:49:09]} Re6
{[%clk 0:14:15]} 20. Bc6 {[%clk 0:35:27]} Ne7 {[%clk 0:11:47]} 21. Bf3
{[%clk 0:28:49]} Rc8 {[%clk 0:06:50]} 22. d5 {[%clk 0:27:45]} Rc2
{[%clk 0:05:00]} 23. dxe6 {[%clk 0:27:44]} Rxd2 {[%clk 0:05:23]} 24. exf7+
{[%clk 0:28:11]} Kg7 {[%clk 0:05:19]} 25. Rad1 {[%clk 0:24:04]} Bc5
{[%clk 0:03:17]} 26. Qe6 {[%clk 0:24:11]} Nf5 {[%clk 0:02:55]} 27. Qe8
{[%clk 0:24:05]} Nxe3 {[%clk 0:01:46]} 28. f8=Q+ {[%clk 0:24:28]} Bxf8
{[%clk 0:02:10]} 29. Qxd8 {[%clk 0:24:53]} 1-0

[Event "European Youth Chess Championship G14"]
[Site "Prague, Top Hotel Prague"]
[Date "2012.08.22"]
[Round "6.9"]
[White "Sucikova, Svetlana"]
[Black "Menzi, Nezihe Ezgi"]
[Result "1/2-1/2"]
[WhiteElo "1843"]
[BlackElo "1876"]
[PlyCount "0"]
[EventDate "2012.08.17"]

1. c4 {[%clk 1:30:46]} Nf6 {[%clk 1:30:54]} 2. Nc3 {[%clk 1:31:01]} g6
{[%clk 1:31:20]} 3. g3 {[%clk 1:31:08]} Bg7 {[%clk 1:31:45]} 4. Bg2
{[%clk 1:31:17]} O-O {[%clk 1:32:07]} 5. d3 {[%clk 1:30:51]} d6 {[%clk 1:32:30]}
6. Nf3 {[%clk 1:31:04]} Nc6 {[%clk 1:32:38]} 7. O-O {[%clk 1:31:13]} e5
{[%clk 1:33:00]} 8. Rb1 {[%clk 1:27:33]} a5 {[%clk 1:33:25]} 9. a3
{[%clk 1:27:02]} h6 {[%clk 1:33:33]} 10. b4 {[%clk 1:26:19]} axb4
{[%clk 1:33:58]} 11. axb4 {[%clk 1:26:26]} Be6 {[%clk 1:33:35]} 12. Qc2
{[%clk 1:20:06]} Nd7 {[%clk 1:27:42]} 13. Bd2 {[%clk 1:07:36]} f5
{[%clk 1:23:51]} 14. b5 {[%clk 0:56:05]} Ne7 {[%clk 1:22:48]} 15. Rfc1
{[%clk 0:52:52]} Nf6 {[%clk 1:09:51]} 16. Ne1 {[%clk 0:46:37]} c6
{[%clk 1:06:42]} 17. bxc6 {[%clk 0:43:48]} bxc6 {[%clk 1:07:10]} 18. Rb7
{[%clk 0:41:42]} Bc8 {[%clk 1:03:52]} 19. Rb4 {[%clk 0:39:34]} Qc7
{[%clk 0:58:27]} 20. Rcb1 {[%clk 0:38:12]} Ba6 {[%clk 0:53:10]} 21. Qc1
{[%clk 0:33:12]} Kh7 {[%clk 0:51:30]} 22. Nc2 {[%clk 0:33:22]} Rfb8
{[%clk 0:48:41]} 23. R1b2 {[%clk 0:27:52]} Rxb4 {[%clk 0:46:11]} 24. Rxb4
{[%clk 0:28:01]} Rb8 {[%clk 0:45:17]} 25. Qb1 {[%clk 0:28:12]} Rxb4
{[%clk 0:43:47]} 26. Qxb4 {[%clk 0:28:34]} Nd7 {[%clk 0:27:43]} 27. Na4
{[%clk 0:27:24]} Bf8 {[%clk 0:18:22]} 28. Qa5 {[%clk 0:23:06]} Qxa5
{[%clk 0:16:44]} 29. Bxa5 {[%clk 0:23:34]} d5 {[%clk 0:16:46]} 30. Nb4
{[%clk 0:19:31]} Bb7 {[%clk 0:17:01]} 31. cxd5 {[%clk 0:18:37]} Nxd5
{[%clk 0:15:58]} 32. Nxd5 {[%clk 0:16:17]} cxd5 {[%clk 0:16:27]} 33. Nc3
{[%clk 0:14:20]} e4 {[%clk 0:14:26]} 34. dxe4 {[%clk 0:12:24]} dxe4
{[%clk 0:12:43]} 35. Bc7 {[%clk 0:11:41]} Bb4 {[%clk 0:12:24]} 36. Na2
{[%clk 0:11:31]} Bd2 {[%clk 0:12:26]} 37. Bf4 {[%clk 0:11:41]} Bxf4
{[%clk 0:11:32]} 38. gxf4 {[%clk 0:12:06]} Nf6 {[%clk 0:09:47]} 39. Nc3
{[%clk 0:12:13]} Kg7 {[%clk 0:09:02]} 40. e3 {[%clk 0:42:30]} Nd5
{[%clk 0:37:32]} 41. Nxd5 {[%clk 0:39:00]} Bxd5 {[%clk 0:36:05]} 42. h4
{[%clk 0:38:53]} Kf6 {[%clk 0:35:22]} 43. Bf1 {[%clk 0:38:21]} Ke6
{[%clk 0:21:49]} 44. Bb5 {[%clk 0:38:40]} 1/2-1/2